[Event "SLO-ch U18"]
[Site "Slovenia"]
[Date "1993.??.??"]
[Round "?"]
[White "Krnjovsek, Andrej"]
[Black "Pirs, Matjaz"]
[Result "1/2-1/2"]
[WhiteElo "2075"]
[BlackElo "2340"]
[PlyCount "124"]
[EventDate "1993.??.??"]
[EventType "swiss"]
[EventRounds "11"]
[EventCountry "SLO"]
[SourceTitle "EXT 1997"]
[Source "ChessBase"]
[SourceDate "1996.11.15"]
[SourceVersion "1"]
[SourceVersionDate "1996.11.15"]
[SourceQuality "1"]

1. e4 d6 2. d4 Nf6 3. Nc3 g6 4. f4 Bg7 5. Nf3 c5 6. e5 Nfd7 7. exd6 0-0 8. Be3 exd6 9. Qd2 Nc6 10. 0-0-0 Qa5 11. a3 a6 12. Nd5 Qxd2+ 13. Rxd2 b5 14. g4 Bb7 15. Bg2 Na5 16. Nh4 Rae8 17. Bf2 Nc4 18. Rdd1 Bxd5 19. Bxd5 Re2 20. Rhf1 Ne3 21. Bxe3 Rxe3 22. dxc5 Nxc5 23. f5 Bf6 24. Nf3 Na4 25. c3 Re2 26. Rd2 Rfe8 27. Rf2 Rxd2 28. Rxd2 Re3 29. Rf2 Nc5 30. g5 Bd8 31. fxg6 hxg6 32. Kc2 Ne4 33. Bxe4 Rxe4 34. Kd3 Rc4 35. h4 Rf4 36. Rf1 Bb6 37. Ke2 Kf8 38. Rh1 Re4+ 39. Kd2 Re3 40. Nd4 Bxd4 41. cxd4 Re4 42. Kd3 Rg4 43. Rh2 d5 44. Re2 Rxh4 45. Re5 Rh3+ 46. Kc2 Rg3 47. b3 Rg2+ 48. Kc3 Rg3+ 49. Kb4 a5+ 50. Kxb5 Rxb3+ 51. Kxa5 Rxa3+ 52. Kb4 Ra1 53. Kc5 Ra5+ 54. Kd6 f6 55. gxf6 Kf7 56. Rxd5 Rxd5+ 57. Kxd5 g5 58. Kc6 g4 59. d5 g3 60. d6 g2 61. d7 g1Q 62. d8Q Qc1+ 1/2-1/2